Statistiques concernant Personnages de la mythologie grecque de A à Z

Cliquez ici pour prendre le quiz!

Statistiques générales

  • Ce quiz a été pris 47 398 fois
  • Le résultat moyen est 11 sur 20

Statistiques - réponses

LettresDescriptionsPersonnages% Correct
ZMaître des dieux et des hommes, dieu de la foudreZeus
94%
HRoi des EnfersHadès
89%
ADieu de la guerreArès
88%
DDieu de la vigne et du vinDionysos
77%
URoi d'IthaqueUlysse
75%
NChasseur qui tomba amoureux de son propre refletNarcisse
71%
GDéesse personnifiant la terreGaïa
70%
JHéros qui conquit la Toison d'orJason
70%
MSeule Gorgone mortelleMéduse
64%
IFils de DédaleIcare
59%
THéros qui tua le MinotaureThésée
56%
EDieu des ventsÉole
50%
RÉpouse de CronosRhéa
46%
OHéros qui résolut l'énigme du SphynxŒdipe
44%
CNymphe amoureuse d'UlysseCalypso
32%
SDéesse de la LuneSéléné
26%
PDieu des bergers et des troupeauxPan
25%
LMère d'Apollon et d'ArtémisLéto
21%
BDieu des vents du NordBorée
20%
KEsprit de la force et du pouvoirKratos
11%

Distribution des résultats

Percentile par nombre de réponses

% des personnes avec chaque résultat

Votre développement - résultats

Vous n’avez pas pris ce quiz